MARC details
| 000 -LEADER |
| campo de control de longitud fija |
01481cam a22003731 4500 |
| 001 - NÚMERO DE CONTROL |
| campo de control |
124303 |
| 003 - IDENTIFICADOR DE NÚMERO DE CONTROL |
| campo de control |
BJBSDDR |
| 005 - FECHA Y HORA DE LA ÚLTIMA TRANSACCIÓN |
| campo de control |
20230410132825.0 |
| 006 - CÓDIGOS DE INFORMACIÓN DE LONGITUD FIJA--CARACTERÍSTICAS DEL MATERIAL ADICIONAL |
| campo de control de longitud fija |
a|||||r|||| 00| 0 |
| 007 - CAMPO FIJO DE DESCRIPCIÓN FÍSICA--INFORMACIÓN GENERAL |
| campo de control de longitud fija |
ta |
| 008 - DATOS DE LONGITUD FIJA--INFORMACIÓN GENERAL |
| campo de control de longitud fija |
780222s1894 nyu 000 0 eng |
| 010 ## - NÚMERO DE CONTROL DE LA BIBLIOTECA DEL CONGRESO |
| Número de control de LC |
a 11001000 |
| 020 ## - NÚMERO INTERNACIONAL ESTÁNDAR DEL LIBRO |
| Número Internacional Estándar del Libro |
9781362091349 |
| 035 ## - NÚMERO DE CONTROL DEL SISTEMA |
| Número de control de sistema |
9162226 |
| 035 ## - NÚMERO DE CONTROL DEL SISTEMA |
| Número de control de sistema |
(OCoLC)3660025 |
| 040 ## - FUENTE DE CATALOGACIÓN |
| Centro catalogador/agencia de origen |
DLC |
| Centro/agencia transcriptor |
ArU |
| Centro/agencia modificador |
OCoLC |
| -- |
DLC |
| 041 ## - CÓDIGO DE IDIOMA |
| Código de lengua del texto/banda sonora o título independiente |
eng |
| 042 ## - CÓDIGO DE AUTENTICACIÓN |
| Código de autenticación |
premarc |
| 050 14 - SIGNATURA TOPOGRÁFICA DE LA BIBLIOTECA DEL CONGRESO |
| Número de clasificación |
B 3058 |
| Número de ítem |
W672f 1894 |
| 100 1# - ENTRADA PRINCIPAL--NOMBRE DE PERSONA |
| Nombre de persona |
Wilde, Norman, |
| Fechas asociadas al nombre |
1867-1936 |
| 9 (RLIN) |
22129 |
| 245 10 - MENCIÓN DEL TÍTULO |
| Título |
Friedrich Heinrich Jacobi : |
| Resto del título |
a study of the origin of German realism / |
| Mención de responsabilidad, etc. |
by Norman Wilde. |
| 260 ## - PUBLICACIÓN, DISTRIBUCIÓN, ETC. |
| Lugar de publicación, distribución, etc. |
New York : |
| Nombre del editor, distribuidor, etc. |
Columbia College, |
| Fecha de publicación, distribución, etc. |
1894. |
| 300 ## - DESCRIPCIÓN FÍSICA |
| Extensión |
79 p. ; |
| Dimensiones |
24 cm. |
| 440 #0 - MENCIÓN DE SERIE/PUNTO DE ACCESO ADICIONAL--TÍTULO |
| 9 (RLIN) |
22126 |
| Título |
Columbia University Contributions to philosophy, psychology and education ; |
| Designación de volumen o secuencia |
v. 1, no. 1 |
| 500 ## - NOTA GENERAL |
| Nota general |
Thesis (Ph. D.)--Columbia college, 1894. |
| 500 ## - NOTA GENERAL |
| Nota general |
Pub. also as Columbia University contributions to philosophy, psychology and education, v.1, no. 1. |
| 505 0# - NOTA DE CONTENIDO CON FORMATO |
| Nota de contenido con formato |
p.1. Formative influence -- Pietism -- Rationalism -- Sensationalism -- Spinozism -- p.2. Doctrine -- Sources -- Relation of epistemiology and ontology -- Ontology -- Epistemiology -- Conclusion. |
| 530 ## - NOTA DISPONIBLE DE FORMULARIO FÍSICO ADICIONAL |
| Nota de formato físico adicional disponible |
Also available in digital form on the Internet Archive Web site. |
| 600 14 - PUNTO DE ACCESO ADICIONAL DE MATERIA--NOMBRE DE PERSONA |
| Nombre de persona |
Jacobi, Friedrich Heinrich, |
| Fechas asociadas al nombre |
1743-1819. |
| 9 (RLIN) |
22128 |
| 650 #4 - PUNTO DE ACCESO ADICIONAL DE MATERIA--TÉRMINO DE MATERIA |
| Término de materia o nombre geográfico como elemento de entrada |
Filosofía alemana |
| 9 (RLIN) |
5924 |
| 650 #4 - PUNTO DE ACCESO ADICIONAL DE MATERIA--TÉRMINO DE MATERIA |
| Término de materia o nombre geográfico como elemento de entrada |
Filósofos |
| 9 (RLIN) |
691 |
| Subdivisión geográfica |
Alemania |
| Subdivisión de forma |
Biografías |
| 942 ## - ELEMENTOS DE ENTRADA SECUNDARIOS (KOHA) |
| Fuente del sistema de clasificación o colocación |
Clasificación de Library of Congress |
| Tipo de ítem Koha |
Libro |
| 946 ## - PROCESAMIENTO DE INFORMACIÓN LOCAL (OCLC) |
| a |
rsfv |